000 00533nam a2200193Ia 4500
005 20250508162637.0
008 008 250505s9999 xx 000 0 eng d
020 _a0-631-13983-4
037 _aTextual
040 _aFEDL
_beng
_cFEDL
041 _aeng
_2eng
084 _a370.196, NIX
_qFEDL
100 _aNixon Jon
_9773679
245 0 _aTeachers guide to multicultural education
260 _aOxford
_bBaisl Blackwell
_c1986
300 _avi,183p
942 _cTEXL
_h370.196, NIX
999 _c1377810
_d1377810